| 000 | 00505nam a22001817a 4500 | ||
|---|---|---|---|
| 003 | CEME | ||
| 005 | 20210628202924.0 | ||
| 008 | 210104b xxu||||| |||| 00| 0 eng d | ||
| 020 | _a9788126556724 | ||
| 040 | _c. | ||
| 082 | _a621.4021 MOR | ||
| 100 |
_aMoran, Michael J ,Shapiro, Howard N , Boettner, Daisie D _962323 |
||
| 245 | _aPrinciples of engineering thermodynamics ,si version | ||
| 260 |
_aINDIA _bWILEY _c2015 |
||
| 300 | _aXVIII, 867P | ||
| 650 |
_aTEXTBOOK-DME _962324 |
||
| 942 |
_cBK _2ddc |
||
| 999 |
_c571461 _d571461 |
||